00887nam a2200265Ia 450000500170000000800290001702000180004610000360006424500810010025000170018130000400019865000410023865000410027965000380032065000390035870000280039794200150042526400320044033600270047233700330049933800280053204000350056008400110059599900150060620220317000355.0141031s9999 ck 000 0 spa d a97884675180781 aMartín Garzo, Gustavo,d1948-13aUn regalo del cielo cGustavo Martín Garzo ; ilustraciones Elena Odriozola a2a edición a29 páginasbilustracionesc34 cm.142LEMBaLiteratura infantil española142LEMBaCuentos infantiles españoles142LEMBaRegalosvCuentos infantiles142LEMBaAnimalesvCuentos infantiles1 aOdriozola, Elena915880 2loccBKINF aMadrid bEdiciones SMc2009 atextobtxt2rdacontent asin mediaciónbn2rdamedia avolumenbnc2rdacarrier aCO-BoRNBPbspaerdacCO-BoRNBP aC MAR9 c3866d3866